Now we understand (Record no. 77626)

MARC details
000 -LEADER
fixed length control field 00913cab a2200193 4500
001 - CONTROL NUMBER
control field ##L134715
008 - FIXED-LENGTH DATA ELEMENTS--GENERAL INFORMATION
fixed length control field 060829n2006 000 0 eng u
035 ## - SYSTEM CONTROL NUMBER
System control number (Sirsi) u134715
041 0# - LANGUAGE CODE
Language code of text/sound track or separate title eng
100 1# - MAIN ENTRY--PERSONAL NAME
Personal name Soltani, Sonia
245 00 - TITLE STATEMENT
Title Now we understand
260 ## - PUBLICATION, DISTRIBUTION, ETC.
Date of publication, distribution, etc. 2006
490 #0 - SERIES STATEMENT
Series statement Building
Volume/sequential designation 271(8444) 25 August 2006, 38-39(2)
520 ## - SUMMARY, ETC.
Summary, etc. Reports on the Avanti initiative, an approach to collaborative working where the construction project team has early access to all project information and information, drawings and schedules are shared in an agreed and consistent format. Advantages of Avanti include cost savings and improved communication within the team. Highlights Costain's £30m PalaceXchange mixed-use development in Enfield as a good example of using the Avanti approach.
590 ## - LOCAL NOTE (RLIN)
Local note IKA050906 NTK
651 ## - SUBJECT ADDED ENTRY--GEOGRAPHIC NAME
Geographic name United Kingdom
Chronological subdivision
690 ## - LOCAL SUBJECT ADDED ENTRY--TOPICAL TERM (OCLC, RLIN)
Topical term or geographic name as entry element Project management
9 (RLIN) 6261
942 ## - ADDED ENTRY ELEMENTS (KOHA)
Suppress in OPAC 0
Holdings
Withdrawn status Lost status Source of classification or shelving scheme Damaged status Not for loan Home library Current library Shelving location Date acquired Total Checkouts Full call number Barcode Date last seen Copy number Price effective from Koha item type
    Dewey Decimal Classification     London London Journal article 29/08/2006   L134715 134715-1001 06/08/2019 1 06/08/2019 Journal article